| 000 | 00746nam a2200253 a 4500 | ||
|---|---|---|---|
| 001 | BRCA_3707 | ||
| 005 | 20190320204406.0 | ||
| 008 | 090909s1959----fr-a######---#000-0#fre-# | ||
| 041 | _afre | ||
| 044 | _afr | ||
| 050 | 4 |
_aNK2547 _b.M48 4 _c1959 |
|
| 245 | 1 | 0 |
_aMeubles et ensembles _bLouis XVI _cintroduction par Jacques Mottheau. |
| 260 |
_aParis _bCh. Massin _c[1959] |
||
| 300 |
_a1 v. (sin paginación) _bil., 36 láminas _c29 cm. |
||
| 440 | 0 |
_aMeubles et ensembles _v4 _99643 |
|
| 500 | _aIncluye lista de láminas | ||
| 500 | _aB344 | ||
| 650 | 1 | 4 |
_aMuebles Luis XVI _99644 |
| 650 | 1 | 4 |
_aMuebles franceses _99645 |
| 650 | 1 | 4 |
_aMuebles neoclásicos _99646 |
| 700 | 1 |
_aMottheau, Jacques _eintrod _99647 |
|
| 902 | _aGFM | ||
| 942 |
_2lcc _cB |
||
| 999 |
_c3437 _d3437 |
||